000 00559nam a2200193 4500
005 20241104102242.0
008 241104b |||||||| |||| 00| 0 eng d
020 _aX
_c[n.p.]
040 _aMAIN
082 _a629
_bP882P
100 _aPardeep Kumar
245 _aPerformance analysis of single cylinder four stroke diesel engine using various biodiesel
260 _bFaculty of Engineering & Technology, M D University, Rohtak
_c2024
300 _axxi, 148
650 _aEngineering
700 _aDingra, Ashwani Kumar
942 _cTH
999 _c358177
_d358177